000 00994nam a22002651u 4500
001 12139
003 HDC
007 cr bn ---
008 210209p2006 my eng
040 _aHDC
100 _aI. Salma,
_eauthor
_912539
245 0 _aDiversity and use of traditional fruit species in selected home gardens or fruit orchards in Malaysia /
_cby I. Salma, A. Mohd. Nor, H. Masrom and M.L. Raziah
260 _aSerdang :
_bMalaysian Agricultural Research and Development Institute (MARDI),
_c2006
300 _a1 page
336 _atext
_2rdacontent
337 _acomputer
_2rdamedia
338 _aonline resource
_2rdacarrier
650 _aEthnobotany
_92701
650 _aHome gardens
_912540
650 _aOn-farm conservation
_912541
856 _zRequest full-text at [email protected]
942 _2lcc
942 _cAR
942 _kJART 003006
999 _c9462
_d9462